| 000 | 00760nam a2200181Ia 4500 | ||
|---|---|---|---|
| 008 | 151202s9999||||xx |||||||||||||| ||und|| | ||
| 082 | _bPNVM-73110 | ||
| 100 | _aबेदरकर कुसुम. | ||
| 245 | _aटाटा समूहाचे अध्यक्ष जे आर डी टाटा. | ||
| 260 | _b"श्रध्दा प्रकाशन,जळगाव." | ||
| 260 | _c73110 | ||
| 300 | _a56 | ||
| 600 | _aबेदरकर कुसुम. | ||
| 630 | _aटाटा समूहाचे अध्यक्ष जे आर डी टाटा. | ||
| 700 | _aबेदरकर कुसुम. | ||
| 730 | _aटाटा समूहाचे अध्यक्ष जे आर डी टाटा. | ||
| 942 | _cBOOK | ||
| 999 |
_c1339775 _d1339772 |
||